00350pab a2200145 454500008004000000100002600040245002400066260000900090300000800099362001100107650002800118650002800146650002000174773001000194180718b2001 xxu||||| |||| 00| 0 eng d aBalakrishnan, Pulapre aAn equal governance c2001 ap10 a30 Jun aIndia - Economic policy aEconomic reform - India aEconomic reform aHindu